Statistiche per Bandiere nazionali #2

Clicka qui per fare il quiz!

Statistiche generali

  • Questo quiz è stato fatto 944 volte
  • Il punteggio medio è 18 su 20

Statistiche sulle risposte

Risposta% Corretto
Germania
99%
Spagna
98%
Svizzera
97%
Argentina
97%
Corea del Sud
95%
Finlandia
95%
Turchia
93%
India
93%
Cipro
92%
Danimarca
90%
Austria
90%
Islanda
89%
Ucraina
87%
Arabia Saudita
87%
Uruguay
85%
Cile
83%
Vietnam
81%
Thailandia
74%
Cambogia
70%
Taiwan
64%

Distribuzione punteggi

Percentile per numero di risposta

Percentuale di utenti per punteggio

I tuoi punteggi nel tempo

Non hai fatto questo quiz